00281nam a2200109Ia 4500008004100000082001600041100001600057245002300073260004300096300001700139600001500156250611s9999 xx 000 0 und d a891.733 CHE aChekhov, A. 4aThe Cherry Orchard aMoscow:bForeing Languages Publishing, a138p.b:ill. aLiterature